Decentering translation studies : (Record no. 95119)

MARC details
000 -LEADER
fixed length control field 00806nam a22002297a 4500
005 - DATE AND TIME OF LATEST TRANSACTION
control field 20150811113247.0
010 ## - LCCN (DPL NO)
LC control number ENG-113568
020 ## - INTERNATIONAL STANDARD BOOK NUMBER
International Standard Book Number 9788125054580
Terms of availability 495.00
035 ## - SYSTEM CONTROL NUMBER
System control number EN- 97100
037 ## - SOURCE OF ACQUISITION
Source of stock number/acquisition DBAD/PUB
082 ## - DEWEY DECIMAL CLASSIFICATION NUMBER
Classification number 418.02
245 ## - TITLE STATEMENT
Title Decentering translation studies :
Statement of responsibility, etc edited by Judy Wakabayashi [and] Rita Kothari
Remainder of title India and beyond /
260 ## - PUBLICATION, DISTRIBUTION, ETC. (IMPRINT)
Place of publication, distribution, etc New Delhi
Name of publisher, distributor, etc Orient Blackswan
Date of publication, distribution, etc 2009
270 ## - ADDRESS
Address 1/24, Asaf Ali Road
City New Delhi
Postal code 110002
300 ## - PHYSICAL DESCRIPTION
Extent xiii,223p.
Dimensions 24cm(pbk)
500 ## - GENERAL NOTE
General note Includes bibliographical references and index
650 ## - SUBJECT ADDED ENTRY--TOPICAL TERM
Topical term or geographic name as entry element Translating and interpreting
Geographic subdivision India |x History.
650 ## - SUBJECT ADDED ENTRY--TOPICAL TERM
Topical term or geographic name as entry element Indic literature
General subdivision Translations
-- History and criticism.
700 ## - ADDED ENTRY--PERSONAL NAME
Personal name Wakabayashi, Judy
700 ## - ADDED ENTRY--PERSONAL NAME
Personal name Kothari, Rita
942 ## - ADDED ENTRY ELEMENTS (KOHA)
Source of classification or shelving scheme Dewey Decimal Classification
Item type English Books
Call number suffix DEC
Classification part 418.02
Holdings
Withdrawn status Lost status Not for loan Collection code Home library Current library Date acquired Source of acquisition Cost, normal purchase price Full call number Barcode Copy number Cost, replacement price Koha item type
    Not For Loan Non-fiction D.B.Act.Division D.B.Act.Division 21/07/2015 DBAD/PUB 495.00 418.02 DEC EN-97100 1 495.00 English Books

© Delhi Public Library
Hit Counter
free hit counter